[Event "Oberliga Nord W 1920"]
[Site "Germany"]
[Date "2020.03.01"]
[Round "7.5"]
[White "Edel, Thomas"]
[Black "Schruefer, Guenther"]
[Result "1/2-1/2"]
[WhiteElo "2070"]
[BlackElo "2218"]
[PlyCount "45"]
[EventDate "2019.09.29"]
[EventType "team-tourn"]
[EventRounds "9"]
[EventCountry "GER"]
[SourceTitle "CBM 195 Extra"]
[Source "ChessBase"]
[SourceDate "2020.05.31"]
[SourceVersion "1"]
[SourceVersionDate "2020.05.31"]
[SourceQuality "1"]

1. d4 Nf6 2. Nf3 g6 3. g3 Bg7 4. Bg2 0-0 5. 0-0 d5 6. c4 dxc4 7. Na3 c5 8. dxc5 c3 9. bxc3 Qa5 10. Qb3 Ne4 11. Nd4 Nxc5 12. Qb5 Qc7 13. Be3 Nbd7 14. Rac1 Rb8 15. Qb4 a6 16. Nc4 e5 17. Nb3 b6 18. Rfd1 Bb7 19. Bxb7 Rxb7 20. Nd6 Rbb8 21. Qc4 b5 22. Qd5 Nxb3 23. axb3 1/2-1/2

[Event "Oberliga Nord W 1920"]
[Site "Germany"]
[Date "2019.11.24"]
[Round "3.5"]
[White "Edel, Thomas"]
[Black "Happe, Reinhold"]
[Result "0-1"]
[WhiteElo "2070"]
[BlackElo "2121"]
[PlyCount "78"]
[EventDate "2019.09.29"]
[EventType "team-tourn"]
[EventRounds "9"]
[EventCountry "GER"]
[SourceTitle "CBM 195 Extra"]
[Source "ChessBase"]
[SourceDate "2020.05.31"]
[SourceVersion "1"]
[SourceVersionDate "2020.05.31"]
[SourceQuality "1"]

1. d4 d5 2. Nf3 Nf6 3. g3 c5 4. Bg2 cxd4 5. 0-0 h6 6. b3 e6 7. Bb2 Be7 8. Nxd4 0-0 9. c4 dxc4 10. bxc4 Nbd7 11. Qc2 Nc5 12. Rd1 Bd7 13. Nc3 Qc8 14. Rac1 a6 15. e4 Ng4 16. Qe2 Ne5 17. f4 Nc6 18. Nxc6 Bxc6 19. Qg4 g6 20. h4 h5 21. Qe2 Qc7 22. Kh2 Rad8 23. Ba1 Rxd1 24. Rxd1 Rd8 25. Rf1 Rd3 26. Nd1 Qd8 27. Qb2 f6 28. Nf2 Rd2 29. Qb1 Nd3 30. Nxd3 Qxd3 31. Qxd3 Rxd3 32. Rf2 Bc5 33. Re2 Kf7 34. Bb2 Ba4 35. e5 Bd1 36. Re1 Bf2 37. Rxd1 Rxd1 38. exf6 Bd4 39. Bxd4 Rxd4 0-1

[Event "Oberliga Nord W 1819"]
[Site "Germany"]
[Date "2019.01.20"]
[Round "5.7"]
[White "Edel, Thomas"]
[Black "Gentemann, Moritz"]
[Result "1/2-1/2"]
[WhiteElo "2095"]
[BlackElo "2195"]
[PlyCount "81"]
[EventDate "2018.10.21"]
[EventType "team-tourn"]
[EventRounds "9"]
[EventCountry "GER"]
[SourceTitle "EXT 2020"]
[Source "ChessBase"]
[SourceDate "2019.10.17"]
[SourceVersion "1"]
[SourceVersionDate "2019.10.17"]
[SourceQuality "1"]
[WhiteTeam "Hannover SF"]
[BlackTeam "Lister Turm"]
[WhiteTeamCountry "GER"]
[BlackTeamCountry "GER"]

1. d4 d5 2. Nf3 Nf6 3. c4 e6 4. g3 dxc4 5. Bg2 a6 6. 0-0 Nc6 7. e3 Bd7 8. Qe2 Bd6 9. Qxc4 0-0 10. Rd1 Rb8 11. Qe2 e5 12. dxe5 Nxe5 13. Nxe5 Bxe5 14. Nc3 Qe7 15. e4 Bg4 16. f3 Be6 17. Be3 Rfe8 18. Rac1 b5 19. Qf2 Bd6 20. b3 Ba3 21. Rc2 Rbd8 22. Rf1 Nd7 23. Ne2 c5 24. Nf4 Rc8 25. Rd1 c4 26. Nd5 Bxd5 27. Rxd5 Nf6 28. Rd1 cxb3 29. axb3 Qe6 30. Rb1 Bb4 31. Bf1 h6 32. Bc5 Bxc5 33. Rxc5 Rxc5 34. Qxc5 Rc8 35. Qf2 Rc3 36. b4 Qc6 37. Qd4 Rc2 38. Rd1 g6 39. Qd6 Kg7 40. Qxc6 Rxc6 41. e5 1/2-1/2

[Event "Oberliga Nord W 1718"]
[Site "Germany"]
[Date "2018.02.04"]
[Round "6.6"]
[White "Edel, Thomas"]
[Black "Markgraf, Stefan"]
[Result "1-0"]
[WhiteElo "2100"]
[BlackElo "2088"]
[PlyCount "127"]
[EventDate "2017.10.08"]
[EventType "team-tourn"]
[EventRounds "9"]
[EventCountry "GER"]
[SourceTitle "EXT 2019"]
[Source "ChessBase"]
[SourceDate "2018.10.10"]
[SourceVersion "1"]
[SourceVersionDate "2018.10.10"]
[SourceQuality "1"]
[WhiteTeam "Hannover"]
[BlackTeam "Goettingen Tempo"]
[WhiteTeamCountry "GER"]
[BlackTeamCountry "GER"]

1. d4 Nf6 2. Nf3 e6 3. e3 b6 4. Bd3 Bb7 5. 0-0 d5 6. b3 Bd6 7. Bb2 0-0 8. Nbd2 c5 9. Ne5 Ne4 10. c4 Nxd2 11. Qxd2 Bxe5 12. dxe5 dxc4 13. bxc4 Nc6 14. Qe2 Qc7 15. f4 Rad8 16. Rad1 Rd7 17. Bb1 Rfd8 18. Qc2 g6 19. Rd6 Kf8 20. Qc3 Ke8 21. Bc2 Rxd6 22. exd6 Qxd6 23. Rd1 Qf8 24. Rxd8+ Kxd8 25. Qf6+ Kc8 26. Ba4 Nd8 27. Be5 Bc6 28. Bb5 Bxb5 29. cxb5 Qe8 30. a4 Qd7 31. h3 Qe8 32. Kh2 h5 33. Kg3 Kb7 34. Bd6 a6 35. Be7 axb5 36. axb5 Kc8 37. Bxd8 Qxd8 38. Qxf7 Qd7 39. Qxg6 c4 40. Qe4 Qd5 41. Kf3 h4 42. Qxd5 exd5 43. Ke2 Kd7 44. Kd2 Kd6 45. Kc3 Kc5 46. f5 Kd6 47. Kd4 Ke7 48. e4 dxe4 49. Kxe4 Kf6 50. Kd4 Kxf5 51. Kxc4 Ke4 52. Kc3 Kd5 53. Kd3 Kc5 54. g4 hxg3 55. Ke3 Kxb5 56. h4 g2 57. Kf2 Kc4 58. h5 b5 59. h6 b4 60. h7 Kc3 61. h8Q+ Kc2 62. Qh7+ Kb2 63. Qg7+ Ka2 64. Qa7+ 1-0

[Event "Oberliga Nord W 1718"]
[Site "Germany"]
[Date "2017.11.12"]
[Round "3.6"]
[White "Steingraeber, Kai Uwe"]
[Black "Edel, Thomas"]
[Result "0-1"]
[WhiteElo "2063"]
[BlackElo "2100"]
[PlyCount "68"]
[EventDate "2017.10.08"]
[EventType "team-tourn"]
[EventRounds "9"]
[EventCountry "GER"]
[SourceTitle "EXT 2019"]
[Source "ChessBase"]
[SourceDate "2018.10.10"]
[SourceVersion "1"]
[SourceVersionDate "2018.10.10"]
[SourceQuality "1"]
[WhiteTeam "Delmenhorst"]
[BlackTeam "Hannover"]
[WhiteTeamCountry "GER"]
[BlackTeamCountry "GER"]

1. d4 d5 2. Nf3 Nf6 3. c4 c6 4. Bg5 dxc4 5. e3 Bg4 6. Bxf6 exf6 7. Bxc4 Bb4+ 8. Nc3 0-0 9. 0-0 Nd7 10. h3 Bxf3 11. Qxf3 Qe7 12. Rfd1 Rfe8 13. Ne2 Bd6 14. a3 a5 15. Rac1 g6 16. g3 f5 17. Nc3 Rac8 18. Ba2 Nf6 19. Kg2 h5 20. h4 Kg7 21. Rc2 Ng4 22. Na4 Rcd8 23. Rdc1 Qf6 24. Nc5 Re7 25. Rc3 Rde8 26. R1c2 g5 27. hxg5 Qxg5 28. Nxb7 Bb8 29. Nxa5 Nxe3+ 30. Kg1 Nxc2 31. Rxc2 Re4 32. Nxc6 Bxg3 33. fxg3 Re3 34. Qd5 Qxg3+ 0-1

[Event "Oberliga Nord W 1617"]
[Site "Germany"]
[Date "2016.10.16"]
[Round "1.6"]
[White "Edel, Thomas"]
[Black "Von Estorff, Jacob"]
[Result "1-0"]
[WhiteElo "2133"]
[BlackElo "1896"]
[PlyCount "117"]
[EventDate "2016.10.16"]
[EventType "team-tourn"]
[EventRounds "9"]
[EventCountry "GER"]
[SourceTitle "EXT 2018"]
[Source "ChessBase"]
[SourceDate "2017.10.13"]
[SourceVersion "1"]
[SourceVersionDate "2017.10.13"]
[SourceQuality "1"]
[WhiteTeam "Hannover SF"]
[BlackTeam "Uelzen Post"]
[WhiteTeamCountry "GER"]
[BlackTeamCountry "GER"]

1. d4 d5 2. Nf3 Nf6 3. c4 e6 4. g3 Be7 5. Bg2 0-0 6. 0-0 c6 7. Qc2 Nbd7 8. Rd1 b6 9. b3 Bb7 10. Nc3 Rc8 11. e4 dxe4 12. Nxe4 c5 13. Nxf6+ Bxf6 14. Ng5 Bxg5 15. Bxb7 Rc7 16. Be4 g6 17. dxc5 bxc5 18. Bb2 Bf6 19. Rd2 Bxb2 20. Qxb2 Qf6 21. Rad1 Qxb2 22. Rxb2 Nf6 23. Bg2 Rfc8 24. Rbd2 Kf8 25. f4 Ke7 26. Bf3 Rd7 27. Rxd7+ Nxd7 28. Kf2 Rd8 29. Ke3 Nb8 30. Rxd8 Kxd8 31. b4 cxb4 32. Kd4 Kc7 33. Kc5 Nd7+ 34. Kxb4 e5 35. fxe5 Nxe5 36. Bd5 g5 37. Kc5 g4 38. Kd4 f6 39. Ke4 Kd6 40. Kf5 Ke7 41. a3 a6 42. c5 a5 43. Bg8 h5 44. Bd5 Nd3 45. c6 Ne5 46. c7 Kd7 47. Kxf6 Nf3 48. c8Q+ Kxc8 49. Kg6 Nxh2 50. Be6+ Kc7 51. Kxh5 Kd6 52. Bxg4 Nxg4 53. Kxg4 Ke6 54. Kg5 Kf7 55. Kh6 Kg8 56. Kg6 Kf8 57. a4 Kg8 58. Kf6 Kh8 59. Ke6 1-0

[Event "Reykjavik op"]
[Site "Reykjavik"]
[Date "2016.03.14"]
[Round "8"]
[White "Edel, Thomas"]
[Black "Skousen, Nikolai"]
[Result "1/2-1/2"]
[WhiteElo "2127"]
[BlackElo "2294"]
[PlyCount "75"]
[EventDate "2016.03.08"]
[EventType "swiss"]
[EventRounds "10"]
[EventCountry "ISL"]
[SourceTitle "CBM 171 Extra"]
[Source "ChessBase"]
[SourceDate "2016.04.26"]
[SourceVersion "1"]
[SourceVersionDate "2016.04.26"]
[SourceQuality "1"]

1. d4 Nf6 2. Nf3 g6 3. c4 Bg7 4. e3 d6 5. Be2 Nbd7 6. 0-0 0-0 7. Nc3 b6 8. Qc2 Bb7 9. e4 e5 10. d5 h6 11. Ne1 Nh7 12. Be3 f5 13. exf5 gxf5 14. f4 Qe7 15. Nf3 Nhf6 16. Nh4 Nxd5 17. Nxf5 Rxf5 18. cxd5 Raf8 19. Bg4 exf4 20. Bxf5 fxe3 21. Be6+ Kh8 22. Ne2 Nc5 23. Rxf8+ Qxf8 24. Rf1 Qe8 25. Qf5 Ba6 26. Re1 Bd3 27. Qh3 Bxe2 28. Rxe2 Qa4 29. Rxe3 Qd1+ 30. Kf2 Qd2+ 31. Kf1 Qc1+ 32. Re1 Qc4+ 33. Re2 Nd3 34. g3 Nc1 35. Qh5 Qxe2+ 36. Qxe2 Nxe2 37. Kxe2 Kh7 38. Kd3 1/2-1/2

[Event "Rostock SSC op 14th"]
[Site "Rostock"]
[Date "2015.07.31"]
[Round "4.11"]
[White "Edel, Fenja"]
[Black "Edel, Thomas"]
[Result "1/2-1/2"]
[WhiteElo "1651"]
[BlackElo "2103"]
[PlyCount "36"]
[EventDate "2015.07.29"]
[EventType "swiss"]
[EventRounds "7"]
[EventCountry "GER"]
[SourceTitle "EXT 2019"]
[Source "ChessBase"]
[SourceDate "2018.10.10"]
[SourceVersion "1"]
[SourceVersionDate "2018.10.10"]
[SourceQuality "1"]

1. e4 c6 2. d4 d5 3. exd5 cxd5 4. Bd3 Nc6 5. c3 Qc7 6. Nf3 Bg4 7. Nbd2 Nf6 8. Nb3 e6 9. h3 Bh5 10. 0-0 Bd6 11. Re1 Bg6 12. Nc5 Bxc5 13. dxc5 Bxd3 14. Qxd3 0-0 15. Nd4 a6 16. b4 Rfe8 17. a4 Qd7 18. Bf4 e5 1/2-1/2

[Event "Hannover Ihme Cup"]
[Site "Hannover"]
[Date "2013.05.05"]
[Round "5"]
[White "Edel, Thomas"]
[Black "Grebener, Soeren"]
[Result "1/2-1/2"]
[WhiteElo "2094"]
[BlackElo "1924"]
[PlyCount "33"]
[EventDate "2013.05.03"]
[EventType "swiss"]
[EventRounds "5"]
[EventCountry "GER"]
[SourceTitle "EXT 2021"]
[Source "ChessBase"]
[SourceDate "2020.10.23"]
[SourceVersion "1"]
[SourceVersionDate "2020.10.23"]
[SourceQuality "1"]

1. d4 d5 2. Nf3 Nf6 3. e3 c6 4. c4 Bf5 5. cxd5 cxd5 6. Nc3 Nc6 7. Ne5 Ne4 8. Nxe4 Bxe4 9. Qa4 Qb6 10. Bd2 f6 11. Nxc6 bxc6 12. Rc1 Rc8 13. Ba6 Rc7 14. 0-0 Kf7 15. Be2 Qxb2 16. Rfd1 e6 17. Rxc6 1/2-1/2

[Event "Hannover Ihme Cup"]
[Site "Hannover"]
[Date "2013.05.03"]
[Round "1"]
[White "Edel, Thomas"]
[Black "Krumschmidt, Michael"]
[Result "1-0"]
[WhiteElo "2094"]
[BlackElo "1657"]
[PlyCount "73"]
[EventDate "2013.05.03"]
[EventType "swiss"]
[EventRounds "5"]
[EventCountry "GER"]
[SourceTitle "EXT 2021"]
[Source "ChessBase"]
[SourceDate "2020.10.23"]
[SourceVersion "1"]
[SourceVersionDate "2020.10.23"]
[SourceQuality "1"]

1. d4 d5 2. Nf3 Nf6 3. c4 e6 4. g3 Be7 5. Bg2 Nbd7 6. Qc2 b6 7. cxd5 exd5 8. Qc6 Ba6 9. Ne5 0-0 10. Nxd7 Nxd7 11. Nc3 Nf6 12. 0-0 Rb8 13. Bf4 Bd6 14. Bxd6 cxd6 15. Qa4 Qc8 16. Rfc1 Qc4 17. e3 Qxa4 18. Nxa4 Rfc8 19. Nc3 Kf8 20. Nxd5 Nxd5 21. Bxd5 Ke7 22. f3 Rxc1+ 23. Rxc1 Rc8 24. Rc3 Rxc3 25. bxc3 Bc8 26. Kf2 Be6 27. Bxe6 fxe6 28. e4 d5 29. Ke3 Kd6 30. h4 a5 31. Kf4 a4 32. a3 h6 33. h5 Kc6 34. Ke5 dxe4 35. fxe4 Kb5 36. d5 exd5 37. Kxd5 1-0

[Event "Werther Schloss op 19th"]
[Site "Werther"]
[Date "2013.03.24"]
[Round "6"]
[White "Hilverda, Alexander"]
[Black "Edel, Thomas"]
[Result "1-0"]
[WhiteElo "2321"]
[BlackElo "2082"]
[PlyCount "49"]
[EventDate "2013.03.22"]
[EventType "swiss"]
[EventRounds "7"]
[EventCountry "GER"]
[SourceTitle "CBM 153 Extra"]
[Source "ChessBase"]
[SourceDate "2013.04.22"]
[SourceVersion "1"]
[SourceVersionDate "2013.04.22"]
[SourceQuality "1"]

1. d4 d5 2. c4 c6 3. Nf3 Nf6 4. Nc3 a6 5. e3 Bf5 6. Bd3 Bxd3 7. Qxd3 e6 8. 0-0 Nbd7 9. e4 dxe4 10. Nxe4 Nxe4 11. Qxe4 Nf6 12. Qe2 Be7 13. Bf4 0-0 14. Rad1 a5 15. Rd3 a4 16. Ne5 Ra5 17. Rfd1 h6 18. Rg3 Kh8 19. Rdd3 Ng8 20. Bd2 Ra8 21. Qh5 Qe8 22. Rxg7 Kxg7 23. Rg3+ Kh7 24. Bxh6 Nxh6 25. Rh3 1-0

[Event "Rostock SSC 07 op 11th"]
[Site "Rostock"]
[Date "2012.08.04"]
[Round "6"]
[White "Edel, Thomas"]
[Black "Leisner, Hannes"]
[Result "1/2-1/2"]
[WhiteElo "2047"]
[BlackElo "2206"]
[PlyCount "100"]
[EventDate "2012.08.01"]
[EventType "swiss"]
[EventRounds "7"]
[EventCountry "GER"]
[SourceTitle "EXT 2017"]
[Source "ChessBase"]
[SourceDate "2016.10.25"]
[SourceVersion "1"]
[SourceVersionDate "2016.10.25"]
[SourceQuality "1"]

1. d4 Nf6 2. Nf3 g6 3. c4 Bg7 4. Nc3 d5 5. Bg5 Ne4 6. cxd5 Nxg5 7. Nxg5 e6 8. Qd2 exd5 9. Qe3+ Kf8 10. Qf4 Bf6 11. h4 h6 12. Nxd5 Bxg5 13. Qe5 f6 14. Qxc7 Qxd5 15. Qxc8+ Kg7 16. Qc7+ Nd7 17. hxg5 fxg5 18. Qc3 Rac8 19. Qd2 Nf6 20. Rh3 Ne4 21. Qb4 Rc7 22. Ra3 Rhc8 23. Rd1 g4 24. Qa5 b5 25. Re3 Qf5 26. f3 Nd6 27. fxg4 Qxg4 28. Qb4 Nf5 29. Rf3 Qh4+ 30. g3 Nxg3 31. Kf2 Nf5+ 32. Kg1 Qg5+ 33. Bg2 Nh4 34. Rf2 h5 35. Qd6 Kh6 36. Rdf1 Rc1 37. Qd5 Rxf1+ 38. Rxf1 Nxg2 39. Qxg2 Qe3+ 40. Qf2 Qg5+ 41. Kh2 Qd2 42. Rg1 Re8 43. Rg2 Kg7 44. Qf5 Rxe2 45. Qxg6+ Kf8 46. Qf5+ Ke7 47. Qc5+ Kd8 48. Qd6+ Kc8 49. Qc6+ Kd8 50. Qd6+ Kc8 1/2-1/2

[Event "Rostock SSC 07 op 11th"]
[Site "Rostock"]
[Date "2012.08.01"]
[Round "2"]
[White "Martin, Dennis"]
[Black "Edel, Thomas"]
[Result "1/2-1/2"]
[WhiteElo "1783"]
[BlackElo "2047"]
[PlyCount "46"]
[EventDate "2012.08.01"]
[EventType "swiss"]
[EventRounds "7"]
[EventCountry "GER"]
[SourceTitle "EXT 2017"]
[Source "ChessBase"]
[SourceDate "2016.10.25"]
[SourceVersion "1"]
[SourceVersionDate "2016.10.25"]
[SourceQuality "1"]

1. d4 d5 2. Nf3 Nf6 3. e3 c6 4. Bd3 Bg4 5. c4 e6 6. Qb3 Qb6 7. Qxb6 axb6 8. Ne5 Bh5 9. 0-0 Nbd7 10. f4 Bd6 11. Nc3 Bg6 12. Nxg6 hxg6 13. e4 dxc4 14. Bxc4 b5 15. Bd3 Bc7 16. h3 Bb6 17. Be3 e5 18. Ne2 exd4 19. Bxd4 Bxd4+ 20. Nxd4 Nc5 21. Bc2 0-0-0 22. Nf3 Ncxe4 23. Ng5 Nd6 1/2-1/2

[Event "Goch op 22nd"]
[Site "Goch"]
[Date "2011.10.01"]
[Round "4"]
[White "Ydo, Pim"]
[Black "Edel, Thomas"]
[Result "1/2-1/2"]
[WhiteElo "2124"]
[BlackElo "2066"]
[PlyCount "44"]
[EventDate "2011.09.29"]
[EventType "swiss"]
[EventRounds "7"]
[EventCountry "GER"]
[SourceTitle "EXT 2014"]
[Source "ChessBase"]
[SourceDate "2013.11.20"]
[SourceVersion "1"]
[SourceVersionDate "2013.11.20"]
[SourceQuality "1"]

1. d4 d5 2. c4 c6 3. cxd5 cxd5 4. Nf3 Nf6 5. Nc3 Nc6 6. Bf4 a6 7. e3 e6 8. Bd3 Be7 9. Ne5 Bd7 10. 0-0 b5 11. Nxc6 Bxc6 12. a3 0-0 13. Rc1 Qd7 14. Qf3 Rfc8 15. Be5 a5 16. Qh3 g6 17. Qf3 Ne8 18. Qe2 b4 19. Nb5 bxa3 20. Nxa3 Qb7 21. Nb5 a4 22. h3 Ra5 1/2-1/2

[Event "Hannover-chC"]
[Site "Lehrte"]
[Date "2010.10.09"]
[Round "1"]
[White "Celik, Abdullah1"]
[Black "Edel, Thomas"]
[Result "1-0"]
[WhiteElo "1830"]
[BlackElo "2025"]
[PlyCount "83"]
[EventDate "2010.10.09"]
[EventType "swiss"]
[EventRounds "7"]
[EventCountry "GER"]
[SourceTitle "EXT 2021"]
[Source "ChessBase"]
[SourceDate "2020.10.23"]
[SourceVersion "1"]
[SourceVersionDate "2020.10.23"]
[SourceQuality "1"]

1. d4 d5 2. c4 c6 3. Nf3 Nf6 4. Nc3 a6 5. c5 Nbd7 6. Bf4 Nh5 7. e3 g6 8. Bd3 Bg7 9. h3 Nxf4 10. exf4 0-0 11. 0-0 b6 12. cxb6 Qxb6 13. Na4 Qa7 14. Rc1 Bxd4 15. Rxc6 e5 16. fxe5 Nxe5 17. Nxe5 Bxe5 18. Rc2 Qd4 19. Nc5 Bd6 20. Nb3 Qe5 21. f4 Qe3+ 22. Rcf2 Bxf4 23. Re1 Bh2+ 24. Kf1 Qg5 25. Rf3 d4 26. Be4 Rb8 27. Qxd4 Be6 28. Nc5 Rbe8 29. Bc6 Rd8 30. Nxe6 fxe6 31. Qc4 Rxf3+ 32. Bxf3 Re8 33. Rxe6 Rxe6 34. Qxe6+ Kg7 35. Qd7+ Kh6 36. Qc8 Qb5+ 37. Be2 Qxb2 38. Qf8+ Kg5 39. h4+ Kxh4 40. Qh6+ Kg3 41. Qh3+ Kf4 42. Qxh2+ 1-0

[Event "Moehnesee Cup 36th"]
[Site "Moehnesee"]
[Date "2010.08.27"]
[Round "2"]
[White "Edel, Thomas"]
[Black "Scheider, Julian"]
[Result "0-1"]
[WhiteElo "2047"]
[BlackElo "2220"]
[PlyCount "68"]
[EventDate "2010.08.26"]
[EventType "swiss"]
[EventRounds "7"]
[EventCountry "GER"]
[SourceTitle "EXT 2011"]
[Source "ChessBase"]
[SourceDate "2010.11.26"]
[SourceVersion "1"]
[SourceVersionDate "2010.11.26"]
[SourceQuality "1"]

1. d4 Nf6 2. Nf3 e6 3. e3 b6 4. Bd3 Bb7 5. 0-0 Be7 6. c4 c5 7. Nc3 cxd4 8. exd4 d5 9. cxd5 Nxd5 10. Ne5 0-0 11. Qh5 Nf6 12. Qh4 Ne4 13. Qh3 Qxd4 14. Bf4 Nf6 15. Ne2 Qa4 16. Bg5 h6 17. Bxf6 Bxf6 18. Ng4 Nd7 19. b3 Qb4 20. a3 Qd2 21. Rad1 Qg5 22. f4 Qc5+ 23. Kh1 Rfd8 24. Ng3 Qxa3 25. Nxh6+ gxh6 26. Qxh6 Bg7 27. Qh7+ Kf8 28. Nh5 Qb2 29. Rf2 Qxf2 30. Qxg7+ Ke7 31. Qg5+ Kd6 32. Be4+ Kc7 33. Rc1+ Nc5 34. Bxb7 Kxb7 0-1

[Event "Moehnesee Cup 36th"]
[Site "Moehnesee"]
[Date "2010.08.27"]
[Round "3"]
[White "Rohovoy, Dimitrij"]
[Black "Edel, Thomas"]
[Result "1/2-1/2"]
[WhiteElo "1875"]
[BlackElo "2047"]
[PlyCount "43"]
[EventDate "2010.08.26"]
[EventType "swiss"]
[EventRounds "7"]
[EventCountry "GER"]
[SourceTitle "EXT 2011"]
[Source "ChessBase"]
[SourceDate "2010.11.26"]
[SourceVersion "1"]
[SourceVersionDate "2010.11.26"]
[SourceQuality "1"]

1. d4 d5 2. c4 c6 3. Nc3 Nf6 4. Nf3 a6 5. e3 b5 6. b3 Bg4 7. Bd3 Nbd7 8. e4 e5 9. exd5 Bb4 10. Bd2 Bxc3 11. Bxc3 bxc4 12. bxc4 exd4 13. dxc6 Ne5 14. Qe2 0-0 15. c7 Qxc7 16. Bxd4 Qa5+ 17. Kd1 Nxd3 18. Qxd3 Rad8 19. Kc1 Rfe8 20. Qc3 Qxc3+ 21. Bxc3 Bxf3 22. gxf3 1/2-1/2

[Event "Niedersachsen-ch"]
[Site "Verden"]
[Date "2010.01.05"]
[Round "7.9"]
[White "Edel, Thomas"]
[Black "Markgraf, Stefan"]
[Result "1/2-1/2"]
[WhiteElo "2074"]
[BlackElo "2128"]
[PlyCount "47"]
[EventDate "2010.01.02"]
[EventType "swiss"]
[EventRounds "9"]
[EventCountry "GER"]
[SourceTitle "EXT 2012"]
[Source "ChessBase"]
[SourceDate "2011.11.24"]
[SourceVersion "1"]
[SourceVersionDate "2011.11.24"]
[SourceQuality "1"]

1. d4 e6 2. Nf3 Nf6 3. Nbd2 c5 4. e3 b6 5. Bd3 Ba6 6. c4 d5 7. Ne5 cxd4 8. Qa4+ Nfd7 9. exd4 Bd6 10. Ndf3 0-0 11. cxd5 Bxd3 12. Nxd3 exd5 13. 0-0 h6 14. Bf4 Bxf4 15. Nxf4 Nf6 16. Rac1 Qd6 17. Ne5 a6 18. Nfd3 Ra7 19. Qb4 Qxb4 20. Nxb4 a5 21. Nbc6 Rb7 22. Rc2 Na6 23. a3 Nc7 24. f3 1/2-1/2